Представление документа в формате RUSMARC

ПолеНазваниеЗначение
  Тип записи a
  Библиографический уровень m
001 Контрольный номер RU\bookru\bibl\916051
003 Постоянный идентификатор записи http://www.book.ru/book/916051
005 Дата корректировки 20161026112404.1
010 Индекс ISBN __
a ISBN 978-5-406-03740-9
100 Данные общей обработки 0_
a Данные общей обработки 20140101d2014 mk y0rusy50 ca
101 Язык документа 0_
a Язык текста Русский
102 Страна публикации __
a Страна публикации RU
105 Кодированные данные (монография) __
a Кодированные данные (монография) y ||||000yy
200 Заглавие и сведения об ответственности 1_
a Заглавие Статистика (для бакалавров)
210 Выходные данные __
a Место издания Москва
c Издательство КноРус
d Дата издания 2014
215 Физическое описание __
a Объем 504
330 Аннотация __
a Аннотация Рассмотрены вопросы методологии сбора, обработки, анализа и представле-ния информации. Изложены методические указания и задачи по программе курса «Статистика». В каждой теме приведены примеры с подробными решениями, формирующие практические навыки и умение понять и оценить состояние и тенденции развития экономических процессов на микро- и макроуровне. Соответствует Федеральному государственному образовательному стандарту высшего профессионального образования третьего поколения. Для подготовки бакалавров по направлениям «Экономика», «Менеджмент», «Прикладная математика и информационные технологии» и др.
606 Тематические рубрики __
a Основная рубрика Информатика
2 Код системы local
608 Указатель предметных рубрик __
a Жанр/форма Учебник
2 Код системы local
675 Индекс УДК __
a Индекс УДК 311(075.8)
z Язык издания rus
686 Индексы других классификаций __
a Классификационный индекс 60.6я73
2 Код системы rubbk
700 Автор _1
a Фамилия Салин В.Н. под ред., Шпаковская Е.П. под ред. и др.
801 Источник записи _1
a Страна RU
b Организация book_ru
c Дата составления 20140101
g Правила каталогизации RCR
856 Электронный адрес документа 4_
u Универсальный указатель ресурса (URL) http://www.book.ru/book/916051
951 __
a http://www.book.ru/book/916051